Big Bang Theory Name Match-Up Quiz Stats

 Plays Quiz Updated Jan 25, 2015

Challenge
Share
Tweet
Score 0/24 Timer 03:00
1,101 Plays Today
% Correct
Sheldon
97%
Rajesh
96%
Leonard
95.4%
Amy
94.5%
Howard
94.5%
Priya
93.4%
Bernadette
92.9%
Wil
89.6%
Barry
79.7%
Leslie
72.5%
Mary
72%
Beverly
71.7%
% Correct
Missy
66.2%
Mike
48.6%
Eric
44.1%
Stuart
39%
Dennis
33%
Arthur
30.2%
Zack
28.4%
Stephanie
27.2%
Ramona
26.3%
Elizabeth
22.8%
Alex
19.2%
Jeanine
16.4%

You're not logged in!

Compare scores with friends on all Sporcle quizzes.
Join for Free
OR
Log In

You Might Also Like...

Show Comments

Extras

Top Quizzes Today


Score Distribution

Your Account Isn't Verified!

In order to create a playlist on Sporcle, you need to verify the email address you used during registration. Go to your Sporcle Settings to finish the process.

Report this User

Report this user for behavior that violates our Community Guidelines.

Details: